00422 2200169 4500001002100000005001500021008004100036035001900077041000700096082001000103090001600113100001400129245004600143260003100189300001800220650001400238INLIS00000000001741820241224115316241224||||||||| | ||| |||| || |  0010-1224017418 aid0 a639.9 a639.9 ANI b0 aAnisa Ami00aBERSAHABAT DENGAN MAKHLUK AIR :hewan laut aBandungbPutra Setiac2007 a74hlm;14x21cm 0aPertanian